Nước Mỹ và Đông Dương từ Ru-dơ-ven đến Ních-xơn

.

Tallennettuna:
Bibliografiset tiedot
Päätekijä: Pi-tơ A. Pu-lơ
Aineistotyyppi: Kirja
Kieli:Vietnamese
Julkaistu: H. Nxb Thông tin lý luận 1986
Tagit: Lisää tagi
Ei tageja, Lisää ensimmäinen tagi!
Thư viện lưu trữ: Mạng thư viện Đại học Đà Nẵng
LEADER 00918nam a2200277 4500
001 000006628
003 2786
005 20110916080942.0
008 110915s1986 viesd
041 0 |a vie 
082 |a 959.70433  |b PI-A 
100 0 |a Pi-tơ A. Pu-lơ 
245 0 |a Nước Mỹ và Đông Dương từ Ru-dơ-ven đến Ních-xơn  |c Pi-tơ A. Pu-lơ 
260 |a H.  |b Nxb Thông tin lý luận  |c 1986 
300 |a 306 tr  |c 19 cm 
520 |a . 
OWN |a LSP 
AVA |a UDN50  |b LSP  |d 959.70433 PI-A  |e available  |t Error 5001 Not defined in file expand_doc_bib_avail.  |f 2  |g 1  |h N  |i 0  |k 1 
999 |a From the UDN01 
AVA |a UDN50  |b LSP  |d 959.70433 PI-A  |e available  |t Error 5001 Not defined in file expand_doc_bib_avail.  |f 2  |g 1  |h N  |i 0  |k 1 
TYP |a Monograph 
TYP |a Printed language 
980 |a Mạng thư viện Đại học Đà Nẵng